| 000 | 00991cam a2200277 a 4500 | ||
|---|---|---|---|
| 001 | 000010384 | ||
| 005 | 20200929162227.0 | ||
| 008 | 911120s1989 cu 001 0 spa d | ||
| 035 | _a(OCoLC)ocm24820403 | ||
| 040 |
_aDO-SdBNP _cIXA _dDLC |
||
| 042 | _alccopycat | ||
| 082 |
_aCu862.1 _bP681p, 1989 |
||
| 100 | 1 |
_aPita, Santiago de, _d1901-1936 _925396 |
|
| 245 | 1 | 3 |
_aEl príncipe jardinero y fingido cloridano / _cSantiago de Pita ; estudio preliminar, apéndice y notas de José Juan Arrom ; edición Miriam Martínez. |
| 250 | _a6. ed. | ||
| 260 |
_aLa Habana, Cuba : _bLetras Cubanas, _c1989. |
||
| 300 |
_a137 p. ; _c20 cm. |
||
| 490 | 1 | _aBiblioteca básica de literatura cubana | |
| 650 | 4 |
_aTeatro cubano _924517 |
|
| 650 | 4 |
_aLiteratura cubana _91483 |
|
| 700 | 1 |
_aArrom, José Juan, _d1910-2007. _925397 |
|
| 700 | 1 |
_aMartínez, Miriam _eed. _922372 |
|
| 830 | 0 |
_aBiblioteca básica de literatura cubana ; _914098 |
|
| 910 | _aCatalogación por copia / LC | ||
| 049 | _aBNGR | ||
| 999 |
_c10143 _d10143 |
||